• 首页
  • 本馆介绍
  • 公告通知
  • 最新文献
  • 馆藏检索
  • 电子资源
  • 读者导购
  • 参考咨询
  • 我的图书馆
  • 登录
  • 详细信息显示
  • 放入我的书架
  • 预约/预借图书
  • 作者相关作品
  • 分类相关作品
  • 丛书相关作品
  • 出版社相关作品

书目信息

  • 表格格式
  • 工作单格式
  • 卡片格式
题名:
合理扩大有效投资
    
 
作者: ;学习贯彻习近平新时代中国特色社会主义经济思想 做好“十四五”规划编制和发展改革工作系列丛书编写组 编著
分册:  
出版信息: 北京   中国计划出版社  2020.8
页数: 226页
开本: 26cm
丛书名: 学习贯彻习近平新时代中国特色社会主义经济思想 做好“十四五”规划编制和发展改革工作系列丛书
单 册:
中图分类: D610 , F832.48
科图分类:
主题词: 习近平新时代中国特色社会主义思想--xi jin ping xin shi dai zhong guo te se she hui zhu yi si xiang--学习参考资料 , 投资--tou zi--中国--学习参考资料
电子资源:
ISBN: 978-7-5182-1222-4
000 02156oam2 2200277 450
001 2159268775
005 20210926145350.0
010    @a978-7-5182-1222-4@dCNY32.00
100    @a20200911d2020 em y0chiy0110 ea
101 0  @achi
102    @aCN@b110000
105    @ay z 000yy
106    @ar
200 1  @a合理扩大有效投资@Ahe li kuo da you xiao tou zi@f学习贯彻习近平新时代中国特色社会主义经济思想 做好“十四五”规划编制和发展改革工作系列丛书编写组编著
210    @a北京@c中国计划出版社@d2020.8
215    @a226页@d26cm
225 2  @a学习贯彻习近平新时代中国特色社会主义经济思想 做好“十四五”规划编制和发展改革工作系列丛书@Axue xi guan che xi jin ping xin shi dai zhong guo te se she hui zhu yi jing ji si xiang zuo hao shi si wu gui hua bian zhi he fa zhan gai ge gong zuo xi lie cong shu
330    @a《合理扩大有效投资》作为《学习贯彻习近平新时代中国特色社会主义经济思想 做好“十四五”规划编制和发展改革工作》系列丛书之一,旨在进一步用习近平新时代中国特色社会主义经济思想指导“十四五”时期投资工作,为新时代做好投资工作、发挥投资关键作用、推动经济高质量发展指明方向。本书共分五章,先深入阐述充分认识习近平总书记关于投资重要论述的重大意义,再阐述学习贯彻习近平总书记关于投资重要论述的认识体会。书稿还围绕国家发展改革委中心工作,介绍党的十八大以来践行习近平总书记关于投资重要论述取得的成效。第四章和第五章在对今后一段时期投资形势进行分析和展望的基础上,提出以习近平新时代中国特色社会主义经济思想为指导,做好“十四五”时期投资工作的思路举措。
461  0 @12001 @a学习贯彻习近平新时代中国特色社会主义经济思想 做好“十四五”规划编制和发展改革工作系列丛书
606 0  @a习近平新时代中国特色社会主义思想@Axi jin ping xin shi dai zhong guo te se she hui zhu yi si xiang@j学习参考资料
606 0  @a投资@Atou zi@y中国@j学习参考资料
690    @aD610@v5
690    @aF832.48@v5
711 02 @a学习贯彻习近平新时代中国特色社会主义经济思想 做好“十四五”规划编制和发展改革工作系列丛书编写组@Axue xi guan che xi jin ping xin shi dai zhong guo te se she hui zhu yi jing ji si xiang zuo hao shi si wu gui hua bian zhi he fa zhan gai ge gong zuo xi lie cong shu bian xie zu@4编著
801  0 @aCN@b百万庄@c20210926
905    @b1299692-95@dD610@e292@f4
    
    合理扩大有效投资/学习贯彻习近平新时代中国特色社会主义经济思想 做好“十四五”规划编制和发展改革工作系列丛书编写组编著.-北京:中国计划出版社,2020.8
    226页;26cm.-(学习贯彻习近平新时代中国特色社会主义经济思想 做好“十四五”规划编制和发展改革工作系列丛书)
    
    
    ISBN 978-7-5182-1222-4:CNY32.00
    《合理扩大有效投资》作为《学习贯彻习近平新时代中国特色社会主义经济思想 做好“十四五”规划编制和发展改革工作》系列丛书之一,旨在进一步用习近平新时代中国特色社会主义经济思想指导“十四五”时期投资工作,为新时代做好投资工作、发挥投资关键作用、推动经济高质量发展指明方向。本书共分五章,先深入阐述充分认识习近平总书记关于投资重要论述的重大意义,再阐述学习贯彻习近平总书记关于投资重要论述的认识体会。书稿还围绕国家发展改革委中心工作,介绍党的十八大以来践行习近平总书记关于投资重要论述取得的成效。第四章和第五章在对今后一段时期投资形势进行分析和展望的基础上,提出以习近平新时代中国特色社会主义经济思想为指导,做好“十四五”时期投资工作的思路举措。
●
相关链接 在E读中查询图书 在五车中查询图书 在当当中查询图书 在豆瓣中查询图书


正题名:合理扩大有效投资     索取号:D610/292         预约/预借

序号 登录号 条形码 馆藏地/架位号 状态 备注
1 1299692   212996926   第一样本阅览室/ [索取号:D610/292] 在馆    
2 1299693   212996935   第一借阅区/ [索取号:D610/292] 在馆    
3 1299694   212996944   第一借阅区/ [索取号:D610/292] 在馆    
4 1299695   212996953   第一借阅区/ [索取号:D610/292] 在馆    
唐山师范学院图书馆 欢迎您!
大连网信软件有限公司© 版权所有